000 00433nam a2200181Ia 4500
003 GCL
008 140319s9999 xx 000 0 eng d
040 _aGCL /
_cGCL
082 0 4 _a306.481
_bC D
100 1 _aCOHEN, DAVID
245 1 0 _aTHE DEVELOPMENT OF PLAY /
_cCOHEN, DAVID
260 _a[S.N] :
_bROUTLEDGE ،
_c1993
300 _a207 P
650 0 4 _aDEVELOPMENT
650 0 4 _aPLAY
650 0 4 _aSICOLOGY
942 _2ddc
_cBK
999 _c24432
_d24432